000 00893nam a2200325 a 4500
003 AR-BaBNM
005 20251128204448.0
008 082120s2002 ||||||||||||||000 | spa||
020 _a950-9658-21-9
040 _cAR-BaBNM
100 1 _aOchetto, Susana
245 0 0 _aMateriales de estimulación para el nivel inicial
260 _aBuenos Aires
_bActilibro
_c1993
300 _a248 p.
_bil.
504 _aBibliografía p. 247-248
650 4 _aMATERIAL ELABORADO POR EL DOCENTE
650 4 _aESTIMULO
650 4 _aMATERIAL DIDACTICO
650 4 _aMATERIALES DE APOYO
650 4 _aAPRENDIZAJE
650 4 _aCREATIVIDAD
650 4 _aDESARROLLO DEL NIÑO
650 4 _aPROCESOS PSICOPEDAGOGICOS
650 4 _aJUEGOS EDUCATIVOS
653 _aESTRATEGIAS EDUCATIVAS
653 _aJARDINES DE INFANTES
700 1 _aFernández, Mónica
942 _cBK
998 _cCarmen
999 _c7521
_d7521